| 000 | 00560nam a2200181 a 4500 | ||
|---|---|---|---|
| 001 | 2879 | ||
| 003 | CDMR | ||
| 005 | 20130904184703.0 | ||
| 008 | 130130s1976||||||||||||||||||||||||||||d | ||
| 040 |
_aCDMR _bcat _cCPC GIRONA |
||
| 100 | 1 |
_aRodoreda, Mercè _92110 |
|
| 245 | 1 | 0 |
_aMercè Rodoreda _b: Obres Completes/1 1936-1960 _cMercè Rodoreda ; introduccio de Carme Arnau |
| 260 |
_c1976 _bEdicions 62 _aBarcelona |
||
| 490 | 0 | _aClàssics Catalans del segle XX | |
| 500 | _aPrimer volum de les Obres Completes | ||
| 700 | 1 |
_92131 _aArnau, Carme |
|
| 942 |
_cMON _2udc |
||
| 999 |
_c2879 _d2879 |
||